News editing (Record no. 20886)

MARC details
000 -LEADER
fixed length control field 00289nam a2200121Ia 4500
082 ## - DEWEY DECIMAL CLASSIFICATION NUMBER
Classification number 070.41
Item number WES
100 ## - MAIN ENTRY--AUTHOR NAME
Personal name Westley, Bruce
245 #0 - TITLE STATEMENT
Title News editing
260 ## - PUBLICATION, DISTRIBUTION, ETC. (IMPRINT)
Place of publication Calcutta
Name of publisher Oxford & IBH
Year of publication 1968
650 ## - SUBJECT ADDED ENTRY--TOPICAL TERM
Topical Term News editing
942 ## - ADDED ENTRY ELEMENTS (KOHA)
Koha item type Books
Holdings
Withdrawn status Lost status Damaged status Not for loan Home library Current library Date acquired Cost, normal purchase price Full call number Accession Number Koha item type
        RRII Library RRII Library 16/12/2021 10.00 070.41 WES 01608 Books